| 000 | 00640nam a2200181 a 4500 | ||
|---|---|---|---|
| 005 | 20230523063627.0 | ||
| 008 | 991125s1966 bue 000 0 spa u | ||
| 035 | _aUPN01000026077 | ||
| 049 | _aCG | ||
| 050 | 4 |
_aLB1653 A7.1 _bG6.3 |
|
| 245 | 0 | 0 |
_aGeografía general dinámica : _bfísica y humana / _cCiro Eduardo González Blackaller ... [et al.]. |
| 260 |
_aBuenos Aires : _bKapelusz, _c1966. |
||
| 300 |
_a214 p., 1 h. pleg. : _bil. col. |
||
| 650 | 4 |
_aGeografía _xEstudio y enseñanza (Secundaria) _95961 |
|
| 650 | 4 |
_aGeografía _xEstudio y enseñanza _910181 |
|
| 700 | 1 |
_aGonzález Blackaller, Ciro E. _ecoaut. _928542 |
|
| 905 | _aLibro | ||
| 999 |
_c26077 _d26077 |
||